Quiz o piłce nożnej - Statystyki

Ogólne statystyki
  • Ten quiz został rozwiązany 134 razy
    109 od ostatniego zresetowania
  • Średni wynik to 5 z 10
Statystyki odpowiedzi
Zagadnienie Odpowiedź % Poprawnych
Najdroższy Norweg na dzień 17.04.2020 to Haaland
72%
Mecze Arsenalu z Tottenhamem są nazywane Derbami północnego Londynu
59%
Najdroższym piłkarzem na dzień 17.04.2020 jest Kylian Mbappe
55%
Regułę zabraniającą gry przy użyciu rąk przyjęto w 1863r.
53%
Kiedy sędzia główny nie może pełnić swojej funkcji Zastępuje go asystent sędziego
48%
Liverpool został założony w 1892r.
46%
Pierwsza nazwa Manchesteru City to Saint Marks
40%
Najdroższym piłkarzem w Ameryce Północnej na dzień 17.04.2020 to Christian Pulisic
39%
FC Barcelona zdobyła mistrzostwo Hiszpanii 24 razy
34%
W rankingu derbów między Interem a Milanem Zwycięża Inter
23%
Nie znaleziono quizów pasujących do podanych kryteriów
Rozkład punktacji
Procent ludzi z każdym wynikiem
Percentyl według liczby udzielonych odpowiedzi
Twoja historia wyników
Nie rozwiązałeś tego quizu od ostatniego zresetowania